| 000 | 01088cab a2200277 4500 | ||
|---|---|---|---|
| 001 | ABS60090 | ||
| 008 | 090401t1999 xxu||||| |||| 00| 0 eng d | ||
| 035 | _a(Sirsi) u91364 | ||
| 041 | _aeng | ||
| 100 | _aBooen, P.L. | ||
| 245 | _aFIDIC`s conditions of contract for the next century: 1998 test editions | ||
| 260 | _c1999 | ||
| 350 | _a0 | ||
| 490 |
_aInternational Construction Law Review _v16(1) January 1999, 5-26(12) |
||
| 520 | _aReviews FIDIC`s revised editions of contracts and the entirely new forms of contract. Concentrates in particular on the revised Red and Yellow Books and their predecessor, the Orange Book. | ||
| 650 | _aBUILDING WORKS | ||
| 650 | _aCONTRACT DOCUMENTS | ||
| 650 | _aENGINEERING WORKS | ||
| 650 | _aBUILT ENVIRONMENT-BUILDING CONTRACT FORMS-STANDARD FORMS OF BUILDING CONTRACT-INTERNATIONAL FEDERATION OF CONSULTING ENGINEERS CONTRACTS | ||
| 650 | _aORANGE BOOK | ||
| 650 | _aRICS APPRAISAL AND VALUATION MANUAL | ||
| 650 | _aYELLOW BOOK | ||
| 690 | _aBUILT ENVIRONMENT-BUILDING CONTRACT FORMS | ||
| 942 | _n0 | ||
| 948 | _c17/02/1999 | ||
| 999 |
_c57988 _d57988 |
||